| 000 | 00729cam a22002177a 4500 | ||
|---|---|---|---|
| 999 |
_c1375 _d1375 |
||
| 001 | 440 | ||
| 003 | BD-DhUAP | ||
| 005 | 20210120151320.0 | ||
| 008 | 200206s1995 ii b 000 0 eng d | ||
| 040 |
_aHWE _cHWE _dKIE _dOCLCQ _dBD-DhUAP _bEng |
||
| 082 |
_223 _a344.043 HIV |
||
| 245 | 0 | 0 |
_aHIV law, ethics and human rights : _btext and materials / _cedited by D. C. Jayasuriya. |
| 250 | _a1st ed. | ||
| 260 |
_aNew Delhi : _bUNDP Regional Project on HIV and Development, _cc1995. |
||
| 300 |
_a420 pages ; _c22 cm. |
||
| 650 | 0 |
_aAIDS (Disease) _xLaw and legislation. |
|
| 650 | 0 |
_aAIDS (Disease) _xPatients _xLaw and legislation. |
|
| 700 | 1 | _aJayasuriya, D. C. | |
| 710 | 2 | _aUnited Nations Development Programme. | |
| 942 |
_2ddc _cBK |
||